| 000 | 00692nam a2200229Ia 4500 | ||
|---|---|---|---|
| 003 | GCL | ||
| 008 | 140319s9999 xx 000 0 ara d | ||
| 040 |
_aGCL / _cGCL |
||
| 082 | 0 | 4 |
_a575.12 _bع ت |
| 100 | 1 | _aعبدالمحسن صالح | |
| 245 | 1 | 0 |
_aالتنبؤ العلمى ومستقبل الانسان / _cعبدالمحسن صالح |
| 260 |
_a[S.N] : _bدار الشروق ، _c1989 |
||
| 300 | _a239 ص | ||
| 490 | _a | ||
| 650 | 0 | 4 | _aالوراثة |
| 650 | 0 | 4 | _aعلم الاحياء |
| 650 | 0 | 4 | _aالهندسة الوراثية |
| 650 | 0 | 4 | _aتجارب |
| 650 | 0 | 4 | _aالتنبؤات |
| 650 | 0 | 4 | _aالكروموسومات - علم الوراثة |
| 942 |
_2ddc _cBK |
||
| 999 |
_c30783 _d30783 |
||